Normal view
MARC view
- YASIR MUSTAFA
Entry Personal Name
001 - CONTROL NUMBER
- control field: 72639
003 - CONTROL NUMBER IDENTIFIER
- control field: NUST
005 - DATE AND TIME OF LATEST TRANSACTION
- control field: 20210628204845.0
008 - FIXED-LENGTH DATA ELEMENTS
- fixed length control field: 210628|| aca||aabn | a|a d
040 ## - CATALOGING SOURCE
- Original cataloging agency: NUST
- Transcribing agency: NUST
100 ## - HEADING--PERSONAL NAME
- Personal name: YASIR MUSTAFA
670 ## - SOURCE DATA FOUND
- Source citation: Work cat.: (NUST): YASIR MUSTAFA , TH-SOF-0968-DEPLOYMENT OF ENTERPRISE RESOURCE PLANNING (ERP) IN PAKISTAN BROADCASTING CORPORATIONS, 2001
